| 000 | 00000nam##2200000za#4500 |
| 001 | 9.623597 |
| 003 | CaOODSP |
| 005 | 20200706134904 |
| 007 | ta |
| 008 | 150406|1995||||xxc||||| f|0| 0 fre|d |
| 020 | |a0-660-94639-4 |
| 022 | |a1200-5231 |
| 040 | |aCaOODSP|bfre |
| 043 | |an-cn--- |
| 086 | 1 |aCS11-0019/85F |
| 245 | 00|aUtilisation des technologies de pointe dans les établissements de fabrication / |cpar John R. Baldwin et Brent Diverty. |
| 260 | |aOttawa - Ontario : |bStatistique Canada. |c1995. |
| 300 | |a34p. : |bréférences, tableaux ; |c28 cm. |
| 490 | 1 |aDocuments de recherche|x1200-5231|vN° 85 |
| 500 | |a«Dans le présent document, nous nous sommes servis de micro-données sur l'utilisation des technologies dans les usines ainsi que d'une analyse multidimensionnelle afin d'étudier les caractéristiques et les activités des usines de fabrication liées le plus étroitement au recours à la technologie.»--Sommaire. |
| 520 | 3 |aDans le présent document, nous nous sommes servis de micro-données sur l'utilisation des technologies dans les usines ainsi que d'une analyse multidimensionnelle afin d'étudier les caractéristiques et les activités des usines de fabrication liées le plus étroitement au recours à la technologie.--Sommaire |
| 563 | |aCouverture souple |
| 590 | |a95-50|b1995-12-15 |
| 691 | 07|aIndustrie de transformation|2gcpds |
| 691 | 07|aInnovation technologique|2gcpds |
| 710 | 2 |aStatistique Canada. |bDirection des études analytiques. |
| 720 | 1 |aBaldwin, John R. |
| 720 | 1 |aDiverty, Brent |
| 775 | 08|tAdvanced technology use in Canadian manufacturing establishments / |w(CaOODSP)9.612695 |
| 776 | 0#|tUtilisation des technologies de pointe dans les établissements de fabrication / |w(CaOODSP)9.604323 |
| 830 | #0|aDocuments de recherche,|x1200-5231|vN° 85|w(CaOODSP)9.512877 |